Statistics for All English Football League teams ever

Click here to take the quiz!

General Stats

  • This quiz has been taken 1,329 times
    (52 since last reset)
  • The average score is 87 of 149

Answer Stats

Years in LeagueAnswer% Correct
91893-presentArsenal (also as Woolwich Arsenal)
96%
821892-presentManchester United (also as Newton Heath)
96%
111888-presentAston Villa
93%
531888-presentEverton
93%
761893-presentLiverpool
93%
991892-presentNottingham Forest
93%
281888-presentBurnley
91%
1181892-presentSheffield United
91%
1441888-presentWolverhampton Wanderers
91%
1461921-2008, 2023-presentWrexham
91%
151892-presentBirmingham City (also as Birmingham and Small Heath)
89%
241920-presentBrighton and Hove Albion
89%
351920-presentCardiff City
89%
731894-presentLeicester City (also as Leicester Fosse)
89%
811892-presentManchester City (also as Ardwick)
89%
931893-presentNewcastle United
89%
1291890-presentSunderland
89%
1311920-presentSwansea City (also as Swansea Town)
89%
1351908-presentTottenham Hotspur
89%
62011-presentAFC Wimbledon
87%
381905-presentChelsea
87%
571907-presentFulham
87%
781920-2009, 2014-presentLuton Town
87%
1191892-presentSheffield Wednesday (also as The Wednesday)
87%
1401919-presentWest Ham United
87%
1431977-2004Wimbledon
87%
691938-presentIpswich Town
85%
981920-presentNorwich City
85%
1021962-2006, 2010-presentOxford United
85%
1061920-presentPortsmouth
85%
1221920-presentSouthampton
85%
171896-presentBlackpool
83%
231920-presentBrentford
83%
251901-presentBristol City
83%
341970-2005, 2014-presentCambridge United
83%
461920-presentCrystal Palace
83%
681905-presentHull City
83%
51923-presentAFC Bournemouth (also as Bournemouth and Boscombe Athletic)
80%
161888-presentBlackburn Rovers
80%
501888-presentDerby County
80%
851899-presentMiddlesbrough
80%
1391888-presentWest Bromwich Albion
80%
371921-presentCharlton Athletic
78%
882004-presentMilton Keynes Dons
78%
1001888-2019, 2023 - presentNotts County
78%
1281888-90, 1891-1908, 1919-presentStoke City (also as Stoke)
78%
431919-presentCoventry City
76%
1071888-presentPreston North End
76%
131898-presentBarnsley
74%
181888-presentBolton Wanderers
74%
562017-2024Forest Green Rovers
74%
1041920-presentPlymouth Argyle
74%
1081920-presentQueens Park Rangers
74%
1321920-presentSwindon Town
74%
21888-93Accrington
70%
261920-presentBristol Rovers
70%
541920-2003, 2008-presentExeter City
70%
1051892-presentPort Vale (also as Burslem Port Vale)
70%
361928-2004, 2005-presentCarlisle United
67%
401931-2000Chester City
67%
721920-presentLeeds United
67%
871920-presentMillwall
67%
1381920-presentWatford
67%
451892-presentCrewe Alexandra
65%
671910-presentHuddersfield Town
65%
1361921-2015, 2018-presentTranmere Rovers
65%
331894-2019Bury
63%
601920-presentGillingham
63%
621892-1910, 1911-2010, 2016-21, 2022-presentGrimsby Town
63%
941920-31, 1932-88Newport County
63%
952013-presentNewport County AFC
63%
1011907-2022Oldham Athletic
63%
1091920-presentReading
63%
1152019-presentSalford City
63%
411899-1909, 1921-2018, 2024-presentChesterfield (also as Chesterfield Town)
61%
421950-90, 1992-presentColchester United
61%
552012-presentFleetwood Town
61%
741905-2017, 2019-presentLeyton Orient (also as Clapton Orient and Orient)
61%
1031960-presentPeterborough United
61%
1271900-04, 1905-2011, 2022-presentStockport County
61%
211903-presentBradford City
59%
391999-2015, 2016-presentCheltenham Town
59%
961920-presentNorthampton Town
59%
1491929-2004, 2012-16York City
59%
442011-presentCrawley Town
57%
751892-1908, 1909-11, 1912-20, 1921-1987, 1988-presentLincoln City
57%
1231920-2021Southend United
57%
1262010-presentStevenage (also as Stevenage Borough)
57%
1482003-19Yeovil Town
57%
121991-2001Barnet
54%
511901-03, 1904-05, 1923-98, 2003-presentDoncaster Rovers
54%
1131925-presentRotherham United
54%
1371892-presentWalsall (also as Walsall Town Swifts)
54%
1471993-presentWycombe Wanderers
54%
642020-presentHarrogate Town
52%
791997-2012, 2018-20Macclesfield Town
52%
892007-presentMorecambe
52%
1302021-2024Sutton United
52%
141921-72, 2020-presentBarrow
50%
292009-presentBurton Albion
50%
831931-2008, 2013-presentMansfield Town
50%
1201950-2003, 2004-presentShrewsbury Town
50%
1411978-presentWigan Athletic
50%
202002-07Boston United
48%
472007-16Dagenham and Redbridge
48%
481921-89, 1990-2010Darlington
48%
651921-2017, 2021-presentHartlepool United (also as Hartlepool and Hartlepools United)
48%
1171950-2022Scunthorpe United (also as Scunthorpe and Lindsey United)
48%
631921-93, 1998-2002Halifax Town
46%
661972-97, 2006-2012Hereford United
46%
702000-05Kidderminster Harriers
46%
1101921-presentRochdale
43%
1341927-2007, 2009-14Torquay United
43%
71932-92Aldershot
41%
82008-13Aldershot Town
41%
272024-presentBromley
37%
711905-19Leeds City
37%
1142001-06Rushden and Diamonds
35%
42006-presentAccrington Stanley
33%
31921-62Accrington Stanley (1891)
33%
801989-92Maidstone United
33%
221908-70Bradford Park Avenue
30%
1161987-99Scarborough
30%
1241921-78Southport
30%
591930-60Gateshead
28%
1121893-96Rotherham Town
28%
301892-1901Burton Swifts
22%
311901-07Burton United
22%
1111919-25Rotherham County
20%
521921-28Durham City
17%
971892-94Northwich Victoria
17%
1331930-32Thames
17%
321894-97Burton Wanderers
15%
1451951-77Workington
15%
491891-99Darwen
13%
771895-1900Loughborough
13%
581896-1912Gainsborough Trinity
11%
611899-1915Glossop North End (also as Glossop)
11%
841920-30Merthyr Town
11%
1421921-31Wigan Borough
11%
11921-27Aberdare Athletic
9%
191892-93Bootle
9%
861893-94Middlesbrough Ironopolis
9%
911923-51New Brighton
9%
1211919-30South Shields
9%
1251921-23Stalybridge Celtic
9%
101921-29Ashington
7%
901921-31Nelson
7%
921898-1901New Brighton Tower
4%

Score Distribution

Percentile by Number Answered

Percent of People with Each Score

Your Score History

You have not taken this quiz since the last reset